KOHA-Header-6

The Management of Service Operations (Record no. 803)

000 -LEADER
fixed length control field 00393nam a2200157Ia 4500
003 - CONTROL NUMBER IDENTIFIER
control field OSt
005 - DATE AND TIME OF LATEST TRANSACTION
control field 20190927190600.0
008 - FIXED-LENGTH DATA ELEMENTS--GENERAL INFORMATION
fixed length control field 190722s9999 xx 000 0 und d
020 ## - INTERNATIONAL STANDARD BOOK NUMBER
International Standard Book Number 978-1844800513
040 ## - CATALOGING SOURCE
Transcribing agency maju
100 ## - MAIN ENTRY--PERSONAL NAME
Personal name Nevan Wright ,Peter Race
245 #4 - TITLE STATEMENT
Title The Management of Service Operations
260 ## - PUBLICATION, DISTRIBUTION, ETC. (IMPRINT)
Place of publication, distribution, etc Singapore
Name of publisher, distributor, etc Cengage learning
Date of publication, distribution, etc 2012
300 ## - PHYSICAL DESCRIPTION
Extent 346
942 ## - ADDED ENTRY ELEMENTS (KOHA)
Koha item type Books
Source of classification or shelving scheme
Holdings
Withdrawn status Lost status Damaged status Not for loan Collection code Permanent Location Current Location Shelving location Date acquired Full call number Barcode Date last seen Price effective from Koha item type
        Management MAJU MAJU   2019-07-22 338.406 7429 2019-07-22 2019-07-22 Management

Powered by Koha